000 00922nas a2200301 4500
001 BR0204225
003 BR-BrBNA
005 20231205103208.0
007 ta
008 230509b bl.|||p| |||| 00| 00por d
040 _aBR-BrBNA
_bpor
_cBiblioteca Nacional de Agricultura
041 _a(Pt)
072 _aF30
100 1 _aDaher, R.F.
100 1 _aMaldonado, H.
100 1 _aFábregas, I.C.S.
100 1 _aGomes, F.F.
100 1 _aMarques, A.B.
245 1 _aIntrodução e avaliação de 19 leguminosas forrageiras em Campos dos Goytacazes, Rio de Janeiro
650 _aLEGUMINOSA FORRAGEIRA
650 _aCOMPORTAMENTO DE VARIEDADE
650 _aMATÉRIA SECA
650 _aCOBERTURA DO SOLO
650 _aRIO DE JANEIRO
773 0 _tRevista Ceres (Brazil)
_xISSN 0034-737X
_g(May-Jun 2002), v. 49(283) p. 223-230
_wBR0204225
909 _a202311
_bLúcia
_c55
_dLúcia Elande
942 _2AGRIS
_n0
_cANA
999 _c171592
_d171592